000 00701nam a22002057a 4500
999 _c167574
_d167574
005 20190912145941.0
010 _aENG-126458
020 _c235.00
_a978-93-83640-66-9
035 _aEN-109990
037 _bDBAD/PUB
082 _a005.133
100 _aRaju,S Viswanadha
245 _aProgramming in 'C'/
_cby S Viswanadha Raju, V Muni Sekhar [and] V Lakshmi
260 _aHyderabad
_bSpecturm University
_c2018
270 _bHyderabad
_a#326/C,1st Floor,Surneni Nilayam Near B K Guda Park,S R Nagar
_e500038
_k++91 40 23710657,238000657
_l+91 40 23810657
300 _a328p.
_c24cm(pbk)
700 _aSakhar, V Muni
700 _aLakshmi,V
942 _2ddc
_cEN
_h005.133
_mRAJ